Metabolic interconversion of enzymes. 1975. (Record no. 25587)

MARC details
000 -LEADER
fixed length control field 00325nam a2200121Ia 4500
082 ## - DEWEY DECIMAL CLASSIFICATION NUMBER
Classification number 577.15(06)
Item number SHA
245 #0 - TITLE STATEMENT
Title Metabolic interconversion of enzymes. 1975.
260 ## - PUBLICATION, DISTRIBUTION, ETC. (IMPRINT)
Place of publication Berlin
Name of publisher Springer
Year of publication 1976
650 ## - SUBJECT ADDED ENTRY--TOPICAL TERM
Topical Term Enzyme interconversion
700 ## - ADDED ENTRY--PERSONAL NAME
Personal name SHALTIEL, S
942 ## - ADDED ENTRY ELEMENTS (KOHA)
Koha item type Books
Holdings
Withdrawn status Lost status Damaged status Not for loan Home library Current library Date acquired Full call number Accession Number Koha item type
        RRII Library RRII Library 16/12/2021 577.15(06) SHA 06242 Books